[Event "DVM U14w 2018"]
[Site "Neumünster GER"]
[Date "2018.12.29"]
[Round "5"]
[White "Reuter, Elisa"]
[Black "Dietz, Kristin"]
[Result "1-0"]
[Termination "normal"]
[Board "1.1"]
[WhiteElo "1839"]
[BlackElo "1735"]
[WhiteClock "00:34:52"]
[BlackClock "00:16:41"]
[WhiteTeam "SG Leipzig"]
[BlackTeam "USV Halle"]
[PlyCount "103"]
[WhiteFideId "12995444"]
[BlackFideId "12993743"]
[EventCountry "GER"]
[EventRounds "7"]
[EventType "team-swiss"]
[EventDate "2018.12.26"]

1. e4 {[%clk 01:30:59]} c5 {[%clk 01:30:54]} {[%emt 00:00:07]} 2. Nf3 {[%clk
01:31:26]} {[%emt 00:00:03]} e6 {[%clk 01:31:15]} {[%emt 00:00:09]} 3. d4
{[%clk 01:31:51]} {[%emt 00:00:05]} cxd4 {[%clk 01:31:39]} {[%emt 00:00:05]} 4.
Nxd4 {[%clk 01:32:17]} {[%emt 00:00:05]} a6 {[%clk 01:32:01]} {[%emt 00:00:09]}
5. Nc3 {[%clk 01:32:42]} {[%emt 00:00:04]} Qc7 {[%clk 01:32:21]} {[%emt
00:00:09]} 6. Be2 {[%clk 01:32:44]} {[%emt 00:00:28]} Nf6 {[%clk 01:32:10]}
{[%emt 00:00:42]} 7. O-O {[%clk 01:33:05]} {[%emt 00:00:08]} b5 {[%clk
01:29:36]} {[%emt 00:03:05]} 8. Bf3 {[%clk 01:32:50]} {[%emt 00:00:44]} e5
{[%clk 01:20:12]} {[%emt 00:09:54]} 9. Nb3 {[%clk 01:31:29]} {[%emt 00:01:51]}
Bb7 {[%clk 01:20:06]} {[%emt 00:00:36]} 10. Bg5 {[%clk 01:30:57]} {[%emt
00:01:01]} Be7 {[%clk 01:19:46]} {[%emt 00:00:52]} 11. Bxf6 {[%clk 01:30:29]}
{[%emt 00:00:57]} Bxf6 {[%clk 01:20:04]} {[%emt 00:00:13]} 12. Nd5 {[%clk
01:29:04]} {[%emt 00:01:54]} Bxd5 {[%clk 01:20:19]} {[%emt 00:00:15]} 13. Qxd5
{[%clk 01:29:05]} {[%emt 00:00:30]} Qc6 {[%clk 01:18:14]} {[%emt 00:02:34]} 14.
Rfd1 {[%clk 01:28:20]} {[%emt 00:01:15]} Qxd5 {[%clk 01:14:45]} {[%emt
00:03:59]} 15. Rxd5 {[%clk 01:28:32]} {[%emt 00:00:18]} O-O {[%clk 01:15:04]}
{[%emt 00:00:11]} 16. Bg4 {[%clk 01:28:42]} {[%emt 00:00:20]} Rc8 {[%clk
01:11:29]} {[%emt 00:04:05]} 17. c3 {[%clk 01:28:25]} {[%emt 00:00:47]} Rc7
{[%clk 01:11:11]} {[%emt 00:00:48]} 18. Rad1 {[%clk 01:28:50]} {[%emt
00:00:06]} Raa7 {[%clk 01:09:40]} {[%emt 00:02:01]} 19. Nc5 {[%clk 01:25:24]}
{[%emt 00:03:55]} d6 {[%clk 01:05:33]} {[%emt 00:04:38]} 20. Rxd6 {[%clk
01:09:18]} {[%emt 00:16:36]} h5 {[%clk 01:04:44]} {[%emt 00:01:19]} 21. Nd7
{[%clk 01:09:41]} {[%emt 00:00:07]} Nxd7 {[%clk 01:04:21]} {[%emt 00:00:52]}
22. Bxd7 {[%clk 01:10:07]} {[%emt 00:00:04]} Be7 {[%clk 01:04:22]} {[%emt
00:00:28]} 23. R6d5 {[%clk 01:09:34]} {[%emt 00:01:04]} Rc5 {[%clk 01:03:10]}
{[%emt 00:01:43]} 24. Rxc5 {[%clk 01:09:17]} {[%emt 00:00:47]} Bxc5 {[%clk
01:03:38]} {[%emt 00:00:02]} 25. Bc6 {[%clk 01:08:50]} {[%emt 00:00:57]} Rc7
{[%clk 01:03:22]} {[%emt 00:00:47]} 26. Bd5 {[%clk 01:09:13]} {[%emt 00:00:06]}
Kf8 {[%clk 01:02:30]} {[%emt 00:01:21]} 27. Kf1 {[%clk 01:09:39]} {[%emt
00:00:04]} Ke7 {[%clk 01:02:36]} {[%emt 00:00:25]} 28. Ke2 {[%clk 01:10:03]}
{[%emt 00:00:05]} f6 {[%clk 01:02:15]} {[%emt 00:00:51]} 29. Rd3 {[%clk
01:09:42]} {[%emt 00:00:51]} Kf8 {[%clk 00:59:14]} {[%emt 00:03:32]} 30. Rh3
{[%clk 01:09:04]} {[%emt 00:01:06]} g6 {[%clk 00:59:32]} {[%emt 00:00:13]} 31.
Rf3 {[%clk 01:08:24]} {[%emt 00:01:10]} Kg7 {[%clk 00:59:11]} {[%emt 00:00:50]}
32. h3 {[%clk 01:07:43]} {[%emt 00:01:12]} Rd7 {[%clk 00:55:21]} {[%emt
00:04:21]} 33. Rd3 {[%clk 01:06:22]} {[%emt 00:01:51]} Kf8 {[%clk 00:50:53]}
{[%emt 00:04:58]} 34. h4 {[%clk 01:05:07]} {[%emt 00:01:44]} Bb6 {[%clk
00:48:54]} {[%emt 00:02:29]} 35. g3 {[%clk 01:03:38]} {[%emt 00:01:59]} Ke7
{[%clk 00:46:25]} {[%emt 00:02:59]} 36. f4 {[%clk 00:58:55]} {[%emt 00:05:14]}
Bc7 {[%clk 00:45:02]} {[%emt 00:01:53]} 37. Kf3 {[%clk 00:56:20]} {[%emt
00:03:04]} Bb8 {[%clk 00:41:16]} {[%emt 00:04:16]} 38. f5 {[%clk 00:52:42]}
{[%emt 00:04:09]} gxf5 {[%clk 00:40:34]} {[%emt 00:01:12]} 39. exf5 {[%clk
00:52:02]} {[%emt 00:01:10]} Kf8 {[%clk 00:39:48]} {[%emt 00:01:16]} 40. Be4
{[%clk 00:52:02]} {[%emt 00:00:29]} Rd6 {[%clk 00:38:00]} {[%emt 00:02:18]} 41.
b3 {[%clk 00:49:32]} {[%emt 00:03:00]} Bc7 {[%clk 00:33:37]} {[%emt 00:04:54]}
42. Ke2 {[%clk 00:47:04]} {[%emt 00:02:57]} Ke7 {[%clk 00:32:36]} {[%emt
00:01:31]} 43. Kf3 {[%clk 00:40:50]} {[%emt 00:06:44]} Kf8 {[%clk 00:30:17]}
{[%emt 00:02:49]} 44. Rxd6 {[%clk 00:40:26]} {[%emt 00:00:54]} Bxd6 {[%clk
00:30:40]} {[%emt 00:00:08]} 45. Kf2 {[%clk 00:40:07]} {[%emt 00:00:49]} Ke7
{[%clk 00:28:30]} {[%emt 00:02:39]} 46. Bf3 {[%clk 00:39:24]} {[%emt 00:01:13]}
Bc5+ {[%clk 00:23:38]} {[%emt 00:05:23]} 47. Ke2 {[%clk 00:39:38]} {[%emt
00:00:16]} Kd6 {[%clk 00:23:12]} {[%emt 00:00:56]} 48. Bxh5 {[%clk 00:38:33]}
{[%emt 00:01:35]} e4 {[%clk 00:23:24]} {[%emt 00:00:18]} 49. b4 {[%clk
00:35:05]} {[%emt 00:03:57]} Bb6 {[%clk 00:23:03]} {[%emt 00:00:51]} 50. Be8
{[%clk 00:34:17]} {[%emt 00:01:18]} Ke5 {[%clk 00:18:58]} {[%emt 00:04:35]} 51.
h5 {[%clk 00:34:30]} {[%emt 00:00:18]} Kxf5 {[%clk 00:16:41]} {[%emt 00:02:47]}
52. h6 {[%clk 00:34:52]} {[%emt 00:00:08]} 1-0

[Event "DVM U14w 2018"]
[Site "Neumünster GER"]
[Date "2018.12.29"]
[Round "5"]
[White "Stowicek, Yara Mathilda"]
[Black "Oswald, Hannah"]
[Result "1-0"]
[Termination "normal"]
[Board "1.2"]
[WhiteElo "1651"]
[BlackElo "1613"]
[WhiteClock "00:36:29"]
[BlackClock "00:04:16"]
[WhiteTeam "USV Halle"]
[BlackTeam "SG Leipzig"]
[PlyCount "67"]
[WhiteFideId "16203569"]
[BlackFideId "16214960"]
[EventCountry "GER"]
[EventRounds "7"]
[EventType "team-swiss"]
[EventDate "2018.12.26"]

1. e4 {[%clk 01:30:58]} {[%emt 00:00:01]} e5 {[%clk 01:30:54]} {[%emt
00:00:07]} 2. Bc4 {[%clk 01:31:20]} {[%emt 00:00:07]} Nf6 {[%clk 01:31:10]}
{[%emt 00:00:15]} 3. Nf3 {[%clk 01:31:33]} {[%emt 00:00:18]} Nc6 {[%clk
01:31:29]} {[%emt 00:00:10]} 4. d3 {[%clk 01:31:45]} {[%emt 00:00:18]} Bc5
{[%clk 01:31:40]} {[%emt 00:00:19]} 5. c3 {[%clk 01:31:51]} {[%emt 00:00:24]}
O-O {[%clk 01:31:20]} {[%emt 00:00:49]} 6. O-O {[%clk 01:31:51]} {[%emt
00:00:30]} d5 {[%clk 01:29:18]} {[%emt 00:02:33]} 7. exd5 {[%clk 01:31:50]}
{[%emt 00:00:31]} Nxd5 {[%clk 01:29:40]} {[%emt 00:00:09]} 8. Re1 {[%clk
01:31:02]} {[%emt 00:01:17]} Bg4 {[%clk 01:26:51]} {[%emt 00:03:19]} 9. Nbd2
{[%clk 01:29:26]} {[%emt 00:02:06]} Nb6 {[%clk 01:05:51]} {[%emt 00:21:29]} 10.
Ne4 {[%clk 01:23:37]} {[%emt 00:06:20]} Be7 {[%clk 01:01:24]} {[%emt 00:04:56]}
11. Bb3 {[%clk 01:22:49]} {[%emt 00:01:17]} Kh8 {[%clk 00:48:02]} {[%emt
00:13:53]} 12. Bc2 {[%clk 01:21:06]} {[%emt 00:02:14]} f6 {[%clk 00:35:16]}
{[%emt 00:13:16]} 13. Ng3 {[%clk 01:17:27]} {[%emt 00:04:09]} Qd7 {[%clk
00:31:30]} {[%emt 00:04:16]} 14. h3 {[%clk 01:15:24]} {[%emt 00:02:33]} Be6
{[%clk 00:31:36]} {[%emt 00:00:23]} 15. Qe2 {[%clk 01:12:02]} {[%emt 00:03:51]}
Rfe8 {[%clk 00:26:29]} {[%emt 00:05:39]} 16. d4 {[%clk 01:09:14]} {[%emt
00:03:17]} Bc4 {[%clk 00:25:47]} {[%emt 00:01:12]} 17. Qe4 {[%clk 01:08:16]}
{[%emt 00:01:25]} Bg8 {[%clk 00:21:26]} {[%emt 00:04:54]} 18. dxe5 {[%clk
01:05:51]} {[%emt 00:02:55]} fxe5 {[%clk 00:19:53]} {[%emt 00:02:03]} 19. Bg5
{[%clk 01:03:34]} {[%emt 00:02:48]} Bd6 {[%clk 00:17:31]} {[%emt 00:02:52]} 20.
Rad1 {[%clk 01:02:03]} {[%emt 00:02:01]} Qe6 {[%clk 00:15:52]} {[%emt
00:02:08]} 21. Nf5 {[%clk 00:47:10]} {[%emt 00:15:25]} a5 {[%clk 00:11:18]}
{[%emt 00:05:03]} 22. Be3 {[%clk 00:46:25]} {[%emt 00:01:14]} h6 {[%clk
00:09:25]} {[%emt 00:02:24]} 23. Nxd6 {[%clk 00:46:43]} {[%emt 00:00:13]} cxd6
{[%clk 00:07:52]} {[%emt 00:02:02]} 24. Bxb6 {[%clk 00:45:49]} {[%emt
00:01:24]} Ra6 {[%clk 00:06:23]} {[%emt 00:02:00]} 25. Be3 {[%clk 00:44:49]}
{[%emt 00:01:29]} Raa8 {[%clk 00:05:40]} {[%emt 00:01:13]} 26. Bb3 {[%clk
00:43:37]} {[%emt 00:01:42]} Qf6 {[%clk 00:05:02]} {[%emt 00:01:09]} 27. Bxg8
{[%clk 00:43:10]} {[%emt 00:00:56]} Kxg8 {[%clk 00:05:17]} {[%emt 00:00:14]}
28. Qd5+ {[%clk 00:42:03]} {[%emt 00:01:37]} Qe6 {[%clk 00:04:18]} {[%emt
00:01:29]} 29. Qxd6 {[%clk 00:39:18]} {[%emt 00:03:16]} Qxa2 {[%clk 00:04:06]}
{[%emt 00:00:42]} 30. Qd5+ {[%clk 00:39:09]} {[%emt 00:00:38]} Qxd5 {[%clk
00:04:29]} {[%emt 00:00:07]} 31. Rxd5 {[%clk 00:39:29]} {[%emt 00:00:11]} e4
{[%clk 00:04:18]} {[%emt 00:00:41]} 32. Nd2 {[%clk 00:37:06]} {[%emt 00:02:52]}
a4 {[%clk 00:04:29]} {[%emt 00:00:21]} 33. Bd4 {[%clk 00:36:28]} {[%emt
00:01:06]} Nxd4 {[%clk 00:04:16]} {[%emt 00:00:44]} 34. Rxd4 {[%clk 00:36:29]}
{[%emt 00:00:29]} 1-0

[Event "DVM U14w 2018"]
[Site "Neumünster GER"]
[Date "2018.12.29"]
[Round "5"]
[White "Nguyen, Jenny Ha-Linh"]
[Black "Fritsch, Lea"]
[Result "0-1"]
[Termination "normal"]
[Board "1.3"]
[WhiteElo "1238"]
[BlackElo "1606"]
[WhiteClock "00:37:18"]
[BlackClock "00:21:08"]
[WhiteTeam "SG Leipzig"]
[BlackTeam "USV Halle"]
[PlyCount "106"]
[WhiteFideId "16209729"]
[BlackFideId "16212436"]
[EventCountry "GER"]
[EventRounds "7"]
[EventType "team-swiss"]
[EventDate "2018.12.26"]

1. e4 {[%clk 01:30:59]} c5 {[%clk 01:30:56]} {[%emt 00:00:05]} 2. c3 {[%clk
01:31:24]} {[%emt 00:00:05]} g6 {[%clk 01:28:52]} {[%emt 00:02:33]} 3. d4
{[%clk 01:30:49]} {[%emt 00:01:06]} cxd4 {[%clk 01:29:12]} {[%emt 00:00:10]} 4.
cxd4 {[%clk 01:31:14]} {[%emt 00:00:04]} Bg7 {[%clk 01:29:35]} {[%emt
00:00:08]} 5. Nf3 {[%clk 01:29:59]} {[%emt 00:01:45]} d6 {[%clk 01:29:14]}
{[%emt 00:00:51]} 6. Bb5+ {[%clk 01:23:55]} {[%emt 00:06:33]} Bd7 {[%clk
01:29:33]} {[%emt 00:00:11]} 7. Bxd7+ {[%clk 01:24:09]} {[%emt 00:00:17]} Nxd7
{[%clk 01:28:25]} {[%emt 00:01:38]} 8. Nc3 {[%clk 01:23:54]} {[%emt 00:00:44]}
Ngf6 {[%clk 01:28:19]} {[%emt 00:00:36]} 9. O-O {[%clk 01:24:13]} {[%emt
00:00:12]} O-O {[%clk 01:28:44]} {[%emt 00:00:06]} 10. h3 {[%clk 01:23:29]}
{[%emt 00:01:12]} Rc8 {[%clk 01:28:20]} {[%emt 00:00:54]} 11. Be3 {[%clk
01:23:12]} {[%emt 00:00:47]} Nb6 {[%clk 01:21:45]} {[%emt 00:07:06]} 12. Nd2
{[%clk 01:18:02]} {[%emt 00:05:39]} Qd7 {[%clk 01:11:24]} {[%emt 00:10:52]} 13.
Rc1 {[%clk 01:15:30]} {[%emt 00:03:01]} Rc7 {[%clk 01:06:51]} {[%emt 00:05:04]}
14. Qb3 {[%clk 01:04:58]} {[%emt 00:11:00]} Rfc8 {[%clk 01:04:53]} {[%emt
00:02:29]} 15. Rc2 {[%clk 01:01:09]} {[%emt 00:04:19]} Nc4 {[%clk 01:02:23]}
{[%emt 00:03:00]} 16. Nxc4 {[%clk 01:00:57]} {[%emt 00:00:42]} Rxc4 {[%clk
01:02:48]} {[%emt 00:00:05]} 17. Rfc1 {[%clk 00:58:34]} {[%emt 00:02:52]} b6
{[%clk 00:58:18]} {[%emt 00:05:01]} 18. a3 {[%clk 00:56:09]} {[%emt 00:02:56]}
Qc6 {[%clk 00:55:04]} {[%emt 00:03:34]} 19. f3 {[%clk 00:54:56]} {[%emt
00:01:52]} Nd7 {[%clk 00:48:35]} {[%emt 00:07:00]} 20. Rd1 {[%clk 00:51:12]}
{[%emt 00:04:13]} Qb7 {[%clk 00:45:37]} {[%emt 00:03:29]} 21. Rdd2 {[%clk
00:34:12]} {[%emt 00:17:30]} Nf8 {[%clk 00:36:11]} {[%emt 00:09:56]} 22. Ne2
{[%clk 00:30:11]} {[%emt 00:04:30]} Rxc2 {[%clk 00:32:26]} {[%emt 00:04:15]}
23. Rxc2 {[%clk 00:30:27]} {[%emt 00:00:14]} Ne6 {[%clk 00:29:21]} {[%emt
00:03:36]} 24. Qd3 {[%clk 00:23:31]} {[%emt 00:07:24]} Rc7 {[%clk 00:24:39]}
{[%emt 00:05:14]} 25. Rc3 {[%clk 00:21:26]} {[%emt 00:02:35]} Qc8 {[%clk
00:21:44]} {[%emt 00:03:25]} 26. Nf4 {[%clk 00:16:26]} {[%emt 00:05:28]} Rxc3
{[%clk 00:16:38]} {[%emt 00:05:38]} 27. Qxc3 {[%clk 00:15:36]} {[%emt
00:01:19]} Qxc3 {[%clk 00:16:50]} {[%emt 00:00:18]} 28. bxc3 {[%clk 00:16:03]}
{[%emt 00:00:04]} Nc7 {[%clk 00:16:30]} {[%emt 00:00:50]} 29. a4 {[%clk
00:16:03]} {[%emt 00:00:30]} b5 {[%clk 00:14:53]} {[%emt 00:02:07]} 30. axb5
{[%clk 00:15:53]} {[%emt 00:00:39]} Nxb5 {[%clk 00:15:13]} {[%emt 00:00:11]}
31. Bd2 {[%clk 00:15:28]} {[%emt 00:00:54]} Bh6 {[%clk 00:12:16]} {[%emt
00:03:28]} 32. g3 {[%clk 00:15:29]} {[%emt 00:00:28]} e5 {[%clk 00:12:01]}
{[%emt 00:00:46]} 33. dxe5 {[%clk 00:15:02]} {[%emt 00:00:57]} dxe5 {[%clk
00:12:27]} {[%emt 00:00:03]} 34. c4 {[%clk 00:14:27]} {[%emt 00:01:06]} Nd4
{[%clk 00:09:38]} {[%emt 00:03:18]} 35. Be3 {[%clk 00:13:18]} {[%emt 00:01:40]}
Nxf3+ {[%clk 00:08:11]} {[%emt 00:01:57]} 36. Kf2 {[%clk 00:13:29]} {[%emt
00:00:19]} exf4 {[%clk 00:08:20]} {[%emt 00:00:21]} 37. gxf4 {[%clk 00:13:43]}
{[%emt 00:00:16]} Bxf4 {[%clk 00:05:51]} {[%emt 00:02:58]} 38. Bxf4 {[%clk
00:13:00]} {[%emt 00:01:13]} Nd4 {[%clk 00:06:07]} {[%emt 00:00:09]} 39. Ke3
{[%clk 00:12:41]} {[%emt 00:00:55]} Nc6 {[%clk 00:06:15]} {[%emt 00:00:21]} 40.
e5 {[%clk 00:12:55]} {[%emt 00:00:16]} Kf8 {[%clk 00:06:36]} {[%emt 00:00:08]}
41. Ke4 {[%clk 00:13:20]} {[%emt 00:00:07]} Ke7 {[%clk 00:05:06]} {[%emt
00:01:57]} 42. Kd5 {[%clk 00:12:41]} {[%emt 00:01:11]} Kd7 {[%clk 00:05:26]}
{[%emt 00:00:07]} 43. Be3 {[%clk 00:12:38]} {[%emt 00:00:36]} h5 {[%clk
00:04:36]} {[%emt 00:01:20]} 44. Bg5 {[%clk 00:10:42]} {[%emt 00:02:25]} a5
{[%clk 00:29:06]} {[%emt 00:06:01]} 45. Bd2 {[%clk 00:38:36]} {[%emt 00:02:35]}
a4 {[%clk 00:23:31]} {[%emt 00:06:07]} 46. Bc1 {[%clk 00:39:01]} {[%emt
00:00:05]} Nb4+ {[%clk 00:21:45]} {[%emt 00:02:16]} 47. Kd4 {[%clk 00:39:08]}
{[%emt 00:00:23]} a3 {[%clk 00:20:02]} {[%emt 00:02:13]} 48. Kc3 {[%clk
00:35:22]} {[%emt 00:04:15]} Na2+ {[%clk 00:20:16]} {[%emt 00:00:16]} 49. Kc2
{[%clk 00:35:41]} {[%emt 00:00:11]} Nxc1 {[%clk 00:20:33]} {[%emt 00:00:14]}
50. Kxc1 {[%clk 00:36:06]} {[%emt 00:00:03]} Kc6 {[%clk 00:20:27]} {[%emt
00:00:38]} 51. Kc2 {[%clk 00:36:30]} {[%emt 00:00:06]} a2 {[%clk 00:20:17]}
{[%emt 00:00:40]} 52. Kb2 {[%clk 00:36:54]} {[%emt 00:00:06]} a1=Q+ {[%clk
00:20:43]} {[%emt 00:00:04]} 53. Kxa1 {[%clk 00:37:18]} {[%emt 00:00:05]} Kc5
{[%clk 00:21:08]} {[%emt 00:00:05]} 0-1